Poesía y sociedad
Sparad:
| Huvudupphovsman: | |
|---|---|
| Materialtyp: | Bok |
| Språk: | spanska |
| Publicerad: |
Buenos Aires
Nova
1964
|
| Serie: | Biblioteca Arte y Ciencia de Expresión
|
| Ämnen: | |
| Taggar: |
Lägg till en tagg
Inga taggar, Lägg till första taggen!
|
MARC
| LEADER | 00000cam a2200000 a 4500 | ||
|---|---|---|---|
| 001 | UCX5922 | ||
| 003 | CL-VaPUC | ||
| 008 | 930309e19640000AG |||||||||||||||||spa|d | ||
| 082 | 0 | 4 | |a 809.1 |b MOU |2 21 |
| 100 | |a Mounin, Georges |e autor |9 322268 | ||
| 245 | 1 | 0 | |a Poesía y sociedad |
| 300 | |a 118 p | ||
| 942 | |c BK | ||
| 945 | |d 19930309 00:00:00 | ||
| 260 | |a Buenos Aires |b Nova |c 1964 | ||
| 650 | 0 | |a Poesía |9 265825 | |
| 650 | 0 | |a Historia y crítica |9 257407 | |
| 583 | |a last modification |c 20140725 12:42:28 |k Rodrigo Vera | ||
| 490 | 0 | |a Biblioteca Arte y Ciencia de Expresión | |
| 999 | |c 226041 |d 226039 | ||
| 952 | |0 0 |1 0 |4 0 |6 809_100000000000000_MOU_1964 |7 0 |8 A |9 224077 |a BIBEDU |b BIBEDU |d 2019-11-15 |i 2929198 |o 809.1 MOU 1964 |p 2929198 |r 2019-11-15 |w 2019-11-15 |y BK |k LIT | ||
| 952 | |0 0 |1 0 |3 erb |4 0 |6 809_100000000000000_MOU_1964 |7 0 |8 A |9 224078 |a BIBART |b BIBART |i 5049172 |l 2 |o 809.1 MOU 1964 |p 5049172 |r 2025-03-13 |s 2022-07-28 |w 2019-11-15 |y BK |z Catalogado en:20140731 |k ART | ||